000 00790nam a2200229Ia 4500
001 9008
003 GE_BSU
008 181216s||||||||xx |||||||||||||| ||und||
040 _cGE_BSU
080 _a821.353.1–32
100 _aკლდიაშვილი,სერგო
245 _aროცა ზედაზენიდან გავცქერი
245 _bმოთხრობები
245 _cრედ.ე.უბილავა.მხატვ.დ.ერისთავი
260 _aთბილისი
260 _bნაკადული
260 _c1964
300 _a158გვ.ილ.17სმ.
653 _aმოთხრობები
653 _aროცა ზედაზენიდან გავცქერი
942 _cBK
999 _c42313
_d42313